Numerical mathematics and computing. (7th edition) (Record no. 81520)

MARC details
000 -LEADER
fixed length control field 01360nam a2200229 a 4500
008 - FIXED-LENGTH DATA ELEMENTS--GENERAL INFORMATION
fixed length control field 190710s2013 ||||||||||||||||| || u
020 ## - INTERNATIONAL STANDARD BOOK NUMBER
International Standard Book Number 9781133491811
050 ## - LIBRARY OF CONGRESS CALL NUMBER
Classification number QA 297 Che
100 ## - MAIN ENTRY--PERSONAL NAME
Personal name Kincaid, David
245 10 - TITLE STATEMENT
Title Numerical mathematics and computing. (7th edition)
Statement of responsibility, etc By Ward Cheney & David Kincaid
250 ## - EDITION STATEMENT
Edition statement 7th edition
260 ## - PUBLICATION, DISTRIBUTION, ETC. (IMPRINT)
Place of publication, distribution, etc United Kingdom
Name of publisher, distributor, etc Brooks/Cole Cengage Learning
Date of publication, distribution, etc 2013
300 ## - PHYSICAL DESCRIPTION
Extent xxii, 678 pages : illustrations
350 ## -
-- 181.30
650 ## - SUBJECT ADDED ENTRY--TOPICAL TERM
Topical term or geographic name as entry element NUMERICAL ANALYSIS--DATA PROCESSING
700 ## - ADDED ENTRY--PERSONAL NAME
Personal name Cheney, Ward
995 ## - RECOMMENDATION 995 [LOCAL, UNIMARC FRANCE]
-- CBU-MAIN LIBRARY (Kitwe)
-- 181.30
-- 5
-- AVAILABLE
-- Nov 25, 2019
-- Short Loan Collection
995 ## - RECOMMENDATION 995 [LOCAL, UNIMARC FRANCE]
-- CBU-MAIN LIBRARY (Kitwe)
-- 181.30
-- 4
-- AVAILABLE
-- Jul 11, 2019
-- Main Library Open Access Collection
995 ## - RECOMMENDATION 995 [LOCAL, UNIMARC FRANCE]
-- CBU-MAIN LIBRARY (Kitwe)
-- 181.30
-- 1
-- AVAILABLE
-- Jul 11, 2019
-- Main Library Open Access Collection
995 ## - RECOMMENDATION 995 [LOCAL, UNIMARC FRANCE]
-- CBU-MAIN LIBRARY (Kitwe)
-- 181.30
-- 2
-- AVAILABLE
-- Jul 11, 2019
-- Main Library Open Access Collection
995 ## - RECOMMENDATION 995 [LOCAL, UNIMARC FRANCE]
-- CBU-MAIN LIBRARY (Kitwe)
-- 181.30
-- 3
-- AVAILABLE
-- Jul 11, 2019
-- Main Library Open Access Collection
Holdings
Withdrawn status Lost status Source of classification or shelving scheme Damaged status Not for loan Permanent Location Current Location Shelving location Date acquired Total Checkouts Full call number Barcode Date last seen Copy number Price effective from Koha item type Date checked out
          CBU-MAIN LIBRARY, KITWE. CBU-MAIN LIBRARY, KITWE.   09/05/2023   QA 297 Che 750098 09/05/2023 1 09/05/2023 SHORT LOAN COLLECTION  
          CBU-MAIN LIBRARY, KITWE. CBU-MAIN LIBRARY, KITWE.   09/05/2023 2 QA 297 Che 749325 07/15/2024 2 09/05/2023 MONOGRAPH 05/17/2024
          CBU-MAIN LIBRARY, KITWE. CBU-MAIN LIBRARY, KITWE.   09/05/2023 2 QA 297 Che 749322 03/19/2025 3 09/05/2023 MONOGRAPH 01/24/2025
          CBU-MAIN LIBRARY, KITWE. CBU-MAIN LIBRARY, KITWE.   09/05/2023   QA 297 Che 749323 09/05/2023 4 09/05/2023 MONOGRAPH  
          CBU-MAIN LIBRARY, KITWE. CBU-MAIN LIBRARY, KITWE.   09/05/2023   QA 297 Che 749324 09/05/2023 5 09/05/2023 MONOGRAPH